| 000 | 00908nam a2200289Ia 4500 | ||
|---|---|---|---|
| 003 | 0100 | ||
| 005 | 20150907122836.0 | ||
| 008 | 130303s9999 xx 000 0 und d | ||
| 020 | _a0691037795 | ||
| 040 | _cARRUPELIB | ||
| 050 | _aE184.A1M84 1994 | ||
| 100 |
_aTaylor, Charles et al _918970 |
||
| 245 | _aMulticulturalism | ||
| 245 | _bexamining the politics of recognition | ||
| 260 | _aPrinceton | ||
| 260 |
_bPrinceton University Press _c1994 |
||
| 300 | _axv | ||
| 300 | _b 175p. 25cm. | ||
| 650 |
_aMulticulturalism _xpolitical activity _zUnited States _918971 |
||
| 650 |
_aMulticulturalism _9628 |
||
| 650 |
_aMinorities _xpolitical activity _zUnited States _918972 |
||
| 650 |
_aMinorities _xpolitical activity _918973 |
||
| 650 |
_aPolitical culture _zUnited States _918974 |
||
| 650 |
_aPolitical culture _918975 |
||
| 700 |
_aGutmann, Amy (ed.) _918976 |
||
| 942 | 0 | 0 |
_015 _2lcc _cMONOGRAPH |
| 999 |
_c18749 _d18749 |
||